Собрание сочинений. Т. 8: Человеческая комедия | Сцены военной жизни | Сцены сельской жизни (Запись № 7885712)
[ простой вид ]
| 000 -МАРКЕР | |
|---|---|
| контрольное поле | 01620nam2a22003011 4500 |
| 001 - ИДЕНТИФИКАТОР ЗАПИСИ | |
| контрольное поле | rc\128700 |
| 005 - ИДЕНТИФИКАТОР ВЕРСИИ | |
| контрольное поле | 20250612175243.0 |
| 010 ## - МЕЖДУНАРОДНЫЙ СТАНДАРТНЫЙ НОМЕР КНИГИ (ISBN) | |
| Номер (ISBN) | 5-86529-031-2 |
| Тираж | 25000 |
| 035 ## - ДРУГИЕ СИСТЕМНЫЕ НОМЕРА | |
| Идентификатор записи | (NLR Aleph) 008764512 |
| 100 ## - ДАННЫЕ ОБЩЕЙ ОБРАБОТКИ | |
| Данные общей обработки | 20030307d1995 |||y0rusy50 ca |
| 101 1# - ЯЗЫК РЕСУРСА | |
| Язык текста, звукозаписи и т.д. | русский |
| Язык оригинала | французский |
| 102 ## - СТРАНА ПУБЛИКАЦИИ ИЛИ ПРОИЗВОДСТВА | |
| Страна публикации | Российская Федерация |
| 105 ## - ПОЛЕ КОДИРОВАННЫХ ДАННЫХ: ТЕКСТОВЫЕ МАТЕРИАЛЫ, МОНОГРАФИЧЕСКИЕ | |
| Кодированные данные о монографическом текстовом документе | y ||||||||| |
| 200 1# - ЗАГЛАВИЕ И СВЕДЕНИЯ ОБ ОТВЕТСТВЕННОСТИ | |
| Основное заглавие | Человеческая комедия |
| Сведения, относящиеся к заглавию | Этюды о нравах |
| -- | Сцены политической жизни |
| Основное заглавие | Сцены военной жизни |
| -- | Сцены сельской жизни |
| Первые сведения об ответственности | [Примеч. Я. Лесюка и др.] |
| 210 ## - ПУБЛИКАЦИЯ, РАСПРОСТРАНЕНИЕ И ДР. | |
| Дата издания, распространения и т.д. | 1995 |
| Место издания, распространения и т.д. | Б. м. |
| 215 ## - ФИЗИЧЕСКАЯ ХАРАКТЕРИСТИКА | |
| Специфическое обозначение материала и объем | 637, [2] с. |
| 327 1# - ПРИМЕЧАНИЯ О СОДЕРЖАНИИ | |
| Текст примечания | Содерж.: Романы: Депутат от Арси; Шуаны, или Бретань в 1799 году; Сельский врач |
| 461 #0 - УРОВЕНЬ НАБОРА | |
| Встроенное поле | 001rc\128692 |
| -- | 2001#$aСобрание сочинений$eВ 10 т.$e[Пер. с фр.]$fОноре де Бальзак$vТ. 8 |
| -- | 700#1$aБальзак$bО. де$gОноре де$f1799-1850 |
| Системный номер (АБИС) связанной записи | 7977174 |
| Автор | Бальзак, О. де (1799-1850) |
| Место публикации | М. |
| Дата публикации | 1995- |
| Первые сведения об ответственности | Оноре де Бальзак |
| Имя издателя, распространителя и т.д. | Аванта+ |
| Сведения, относящиеся к заглавию | В 10 т. : [Пер. с фр.] |
| Заглавие | Собрание сочинений |
| ISBN | 5865290185 |
| Номер тома | Т. 8 |
| 464 #0 - АНАЛИТИЧЕСКИЙ УРОВЕНЬ | |
| Встроенное поле | 2001#$aДепутат от Арси |
| Заглавие | Депутат от Арси |
| 464 #0 - АНАЛИТИЧЕСКИЙ УРОВЕНЬ | |
| Встроенное поле | 2001#$aШуаны, или Бретань в 1799 году |
| Заглавие | Шуаны, или Бретань в 1799 году |
| 464 #0 - АНАЛИТИЧЕСКИЙ УРОВЕНЬ | |
| Встроенное поле | 2001#$aСельский врач |
| Заглавие | Сельский врач |
| 801 #0 - ИСТОЧНИК ЗАПИСИ | |
| Страна | Российская Федерация |
| Организация | NLR |
| Правила каталогизации | psbo |
| 801 #1 - ИСТОЧНИК ЗАПИСИ | |
| Страна | Российская Федерация |
| Организация | ELAR |
| Источник данных | rusmarc |
| 852 ## - МЕСТОНАХОЖДЕНИЕ И ШИФР ХРАНЕНИЯ | |
| Идентификатор организации | NLR |
| Шифр хранения (Call Number) | 95-3/2491 |
| 942 ## - ДОПОЛНИТЕЛЬНЫЕ ЭЛЕМЕНТЫ ЗАПИСИ (АБИС) | |
| Тип экземпляра АБИС | Книга |
| 980 ## - КОЛЛЕКЦИЯ | |
| Название коллекции | Национальная библиография |
| Тип экземпляра | Дата поступления | Библиотека постоянного хранения | Библиотека текущего хранения | Место хранения | Шифр хранения | Штрих-код | Статус экземпляра |
|---|---|---|---|---|---|---|---|
| Книга | 26.10.2013 | РНБ (Московский) | РНБ (Московский) | Русский книжный фонд: издания с 1957 года | 95-3/2491 | 8764512-10 |